• 首页
  • 本馆介绍
  • 公告通知
  • 最新文献
  • 馆藏检索
  • 电子资源
  • 读者导购
  • 参考咨询
  • 我的图书馆
  • 登录
  • 详细信息显示
  • 放入我的书架
  • 预约/预借图书
  • 作者相关作品
  • 分类相关作品
  • 丛书相关作品
  • 出版社相关作品

书目信息

  • 表格格式
  • 工作单格式
  • 卡片格式
题名:
金融系统分析与风险管理
    
 
作者: 姜璐 , 蔡维 主编
分册:  
出版信息: 北京   北京师范大学出版社  2009
页数: 195页
开本: 23cm
丛书名:
单 册:
中图分类: F830.2
科图分类:
主题词: 金融体系--分析--高等学校--教材 , 金融--风险管理--高等学校--教材 , 金融体系 , 金融 , 风险管理
电子资源:
ISBN: 978-7-303-10016-3
000 00997nam0 2200301 45
001 1029861163
005 20100428150458.59
010    @a978-7-303-10016-3@dCNY23.00
100    @a20100420d2009 em y0chiy50 ea
101 0  @achi
102    @aCN@b110000
105    @ay z 000yy
106    @ar
200 1  @a金融系统分析与风险管理@AJin Rong Xi Tong Fen Xi Yu Feng Xian Guan Li@f姜璐,蔡维主编@FJiang Lu, Cai Wei Zhu Bian
210    @a北京@c北京师范大学出版社@d2009
215    @a195页@d23cm
300    @a新世纪高等学校教材北京市高等教育精品教材
330    @a本书内容包括:金融系统概述、金融系统的均衡、金融系统的动态演化、收益与风险、金融衍生工具、金融工具等。
606 0  @a金融体系@x分析@x高等学校@j教材
606 0  @a金融@x风险管理@x高等学校@j教材
606 0  @a金融体系
606 0  @a金融
606 0  @a风险管理
690    @aF830.2@v4
701  0 @a姜璐@AJiang Lu@4主编
701  0 @a蔡维@ACai Wei@4主编
801  0 @aCN@bTANGWEI@c20100428
905    @b0593273-77@dF830.2@e188@f5
    
    金融系统分析与风险管理/姜璐,蔡维主编.-北京:北京师范大学出版社,2009
    195页;23cm
    新世纪高等学校教材北京市高等教育精品教材
    
    ISBN 978-7-303-10016-3:CNY23.00
    本书内容包括:金融系统概述、金融系统的均衡、金融系统的动态演化、收益与风险、金融衍生工具、金融工具等。
●
相关链接 在E读中查询图书 在五车中查询图书 在当当中查询图书 在豆瓣中查询图书


正题名:金融系统分析与风险管理     索取号:F830.2/188         预约/预借

序号 登录号 条形码 馆藏地/架位号 状态 备注
1 0593273   205932730   第一样本阅览室/ [索取号:F830.2/188] 在馆    
2 0593274   205932749   第一借阅区/ [索取号:F830.2/188] 在馆    
3 0593275   205932758   第一借阅区/ [索取号:F830.2/188] 在馆    
4 0593276   205932767   第一借阅区/ [索取号:F830.2/188] 在馆    
唐山师范学院图书馆 欢迎您!
大连网信软件有限公司© 版权所有